| 000 | 01015nam a2200241Ia 4500 | ||
|---|---|---|---|
| 999 |
_c41268 _d41268 |
||
| 001 | 7921 | ||
| 003 | GE_BSU | ||
| 005 | 20220930151651.0 | ||
| 008 | 181216sru 2012xx |||||||||||||| ||rus|| | ||
| 020 | _a9785756706727 | ||
| 040 | _cGE_BSU | ||
| 080 | _a327.1(075.8) И-90 | ||
| 100 |
_aБорисов,Ф.Ю. _914937 |
||
| 245 |
_aИстория международных отношений Т.2. Межвоенный период и Вторая мировая война / _cФ.Ю. Борисов, Н.Е. Клейменова, Ред.Сидоров А.Ю. |
||
| 264 |
_aМосква : _bАспект Пресс, _c2012. |
||
| 300 |
_a496 стр.: _c22 см. |
||
| 653 | _aИстория международных отношений | ||
| 653 | _aМежвоенный период и Вторая мировая война | ||
| 653 | _aპოლიტიკა | ||
| 700 |
_aКлейменова,Н.Е. _914938 |
||
| 700 |
_aСидоров А.Ю. _eრედაქტორი _914939 |
||
| 942 |
_cBK _2udc |
||